| 000 | 00614cam a2200229 4500 | ||
|---|---|---|---|
| 008 | 090401t1994 xxu||||| |||| 00| 0 eng d | ||
| 020 | _a1874059055 | ||
| 035 | _a(Sirsi) u64440 | ||
| 041 | _aeng | ||
| 050 | _a333.70285 | ||
| 110 |
_aAssociation for Geographic Information _9166 |
||
| 245 | _aGIS dictionary - Version 2 | ||
| 260 |
_aLondon _bAssociation for Geographic Information _c1994 |
||
| 300 | _a18p. ; 30cm. | ||
| 350 | _a0 | ||
| 490 |
_aAGI Standards Committee Publication _v1/94 |
||
| 650 | _aDICTIONARIES | ||
| 650 | _aGIS | ||
| 690 | _aLAND SURVEYING | ||
| 942 | _n0 | ||
| 948 | _c04/03/1997 | ||
| 999 |
_c94677 _d94677 |
||